IFM Opac

Qualitative Research (Record no. 22218)

MARC details
000 -LEADER
fixed length control field 00310nam a22001337a 4500
020 ## - INTERNATIONAL STANDARD BOOK NUMBER
ISBN 978-1-4739-1657-9
082 ## - DEWEY DECIMAL CLASSIFICATION NUMBER
Classification number 004.42
100 ## - MAIN ENTRY--AUTHOR NAME
Personal name Silverman, David
245 ## - TITLE STATEMENT
Title Qualitative Research
250 ## - EDITION STATEMENT
Edition statement 4th
260 ## - PUBLICATION, DISTRIBUTION, ETC. (IMPRINT)
Place of publication London:
Name of publisher SAGE Publication,
Year of publication 2016
300 ## - PHYSICAL DESCRIPTION
Number of Pages xvii, 457p.: ill.; 23cm
942 ## - ADDED ENTRY ELEMENTS (KOHA)
Koha item type Books
Holdings
Withdrawn status Lost status Damaged status Not for loan Collection code Permanent Location Current Location Shelving location Date acquired Source of acquisition Full call number Accession Number Price effective from Koha item type
        Non-fiction IFM Main Campus Library IFM Main Campus Library Work Room processing 01/26/2026 Purchased 004.42 QUA 0000023514 01/26/2026 Books